Flagi państw na literę C - Statystyki

Ogólne statystyki
  • Ten quiz został rozwiązany 10 192 razy
  • Średni wynik to 7 z 7
Statystyki odpowiedzi
Obrazkowy Odpowiedź % Poprawnych
Chiny
100%
Czechy
100%
Chorwacja
98%
Chile
96%
Cypr
96%
Czarnogóra
95%
Czad
84%
Nie znaleziono quizów pasujących do podanych kryteriów
Rozkład punktacji
Procent ludzi z każdym wynikiem
Percentyl według liczby udzielonych odpowiedzi
Twoja historia wyników
Nie rozwiązałeś tego quizu